000 00471nam a22001577a 4500
003 URS
005 20220114171547.0
008 170324b xxu||||| |||| 00| 0 eng d
020 _a0671739166
050 _aB52
_bD95
100 _aDurant, Will
_4author
245 _aThe story of philosophy:
_bthe lives and opinions of the greater philosophers
_cWill Durant
260 _aNew York:
_bWashington Square Press,
_c1961
300 _axxix, 543 pages;
_c17 cm.
942 _cFR
_2lcc
999 _c14143
_d14143